| 000 | 00516nam a2200181Ia 4500 | ||
|---|---|---|---|
| 001 | 25422 | ||
| 005 | 20260414151149.0 | ||
| 008 | 260414t2022||||xx |||||||||||||| ||spa|| | ||
| 041 | _aESP | ||
| 082 |
_a346.5 _bP19C |
||
| 100 |
_aPalacios Martínez, Eric, _eAUT |
||
| 245 | 0 |
_aLa nulidad y la ineficacia del acto jurídico : _berspectivas teórico-prácticas tras el Octavo Pleno Casatorio |
|
| 260 | _c2022 | ||
| 300 |
_a319 páginas : _c25 cm. |
||
| 650 | _aDER | ||
| 654 | _aCDE | ||
| 942 |
_cLIB _dJUS _fJUS _2ddc _n |
||
| 999 |
_c25422 _d25422 |
||